Seashore

Saved in:
Bibliographic Details
Main Author: Parker, Steve
Format: Book
Language:Undetermined
Published: London Dorling Kindersley 1989
Subjects:
Tags: Add Tag
No Tags, Be the first to tag this record!
Institutions: Trung tâm Học liệu Trường Đại học Cần Thơ
LEADER 00474nam a2200193Ia 4500
001 CTU_123529
008 210402s9999 xx 000 0 und d
020 |c 214000 
082 |a 578.77 
082 |b P238 
100 |a Parker, Steve 
245 0 |a Seashore 
245 0 |c Steve Parker 
260 |a London 
260 |b Dorling Kindersley 
260 |c 1989 
650 |a Seashore biology 
904 |i Tuyến 
980 |a Trung tâm Học liệu Trường Đại học Cần Thơ